000 01165nam a2200277 a 4500
001 000045253
005 20240302073957.0
008 150218s2005 dr ac 000 0bspa d
020 _a9993454184
040 _aDO-SdBNP
_bspa
_cBNPHU
082 _a923.57293
_bG633v
100 1 _aGómez, Máximo,
_d1836-1905
_912249
245 1 0 _aVida y escritos :
_bestudio introductorio selección y notas de Francisco Pérez Guzmán /
_cMáximo Gómez ; coordinación general Jorge Tena Reyes.
260 _aSanto Domingo :
_bFundación Corripio,
_c2005.
300 _a402 p. :
_bil., retrs. ;
_c23 cm.
490 1 _aBiblioteca de clásicos dominicanos
_v40
500 _aIncluye referencias bibliográficas y notas al pie de las páginas.
504 _aBibliografía : p. 393-395
590 _aInventariado, 2019/MFF
600 1 0 _aGómez, Máximo,
_d1836-1905
_912249
651 4 _aCuba
_xHistoria
_yGUERRA DE LOS DIEZ AÑOS, 1868-1878
_911018
651 4 _aCuba
_xHistoria
_yGUERRA DE INDEPENDENCIA, 1895-1898
_911019
700 1 2 _aTena Reyes, Jorge,
_ecoord.
_98252
830 0 _aBiblioteca de clásicos dominicanos ;
_v40
_921767
910 _aValidado. Control de calidad MFF
999 _c44742
_d44742